00846nam a2200229 u 450000100100000000500170001000800410002704000250006804100390009308200150013210000250014724000420017224501390021425000110035326000390036430000210040349000300042453400630045470000410051770000280055883000300058600002526220200930023651.0110209s1996 mx r 000 | spa d aDO-SdBNPbspacBNPHU17aspaheng2Código de idiomas MARC axxxbB928i1 aBuergenthal , Thomas 0aInternational human rightslEspañol13aDerechos humanos internacionales /cThomas Buergenthal ; traducción Ángel Carlos González Ruiz; edición Elsa López Paniagua. a2a ed. aMéxico, D. F. :bGernika,c1996. a376 p. ;c21 cm.1 aCiencias Políticasv32. aTítulo original e inglés :tInternational human rights1 aGonzález Ruiz, Ángel Carlosetr.1 aLópez Paniagua , Elsa 0aCiencias Políticas,v32